02789cam a22003735a 4500999001700000001001000017003000900027005001700036008004100053020001600094020001800110040003200128082002000160100004900180245006500229250002200294264006800316300002700384336002600411337002800437338002700465500006000492500002800552504005100580505033300631520096800964650005401932651001001986653003801996655001702034942002802051952016802079952016802247 c22070d22042010700990EG-ScBUE20200203123649.0840305r19921983enk f b 001 0 eng d a0582486874  a9780582486874 aUkbengerdacUkdEG-ScBUE 04a808.31bSHA2221 aShaw, Valerie,‏d1941-‏ eauthor.94053714aThe short story : ba critical introduction /cValerie Shaw. aFifth impression. 1aHarlow, England ;aNew York :bLongman Group UK Limited,c1992. aix, 294 pages ;c22 cm 2rdacontentatextbtxt 2rdamediaaunmediatedbn 2rdacarrieravolumebnc a"A Pearson Education print on demand edition" on cover. aFirst published : 1983. aIncludes bibliographical references and index. a'Only short stories' : estimates and explanations -- 'A wide margin for the wonderful' : Robert Louis Stevenson -- 'Artful' narration : from the sensation story to the scenic method -- 'Artless' narration -- 'Glanced at through a window' : characterization -- Places and communities -- Subject-matter -- 'The splintering frame.' aAfter years of critical neglect the short story is at last coming into its own as an important and distinctive literary form. In this stimulating introduction, Valerie Shaw asserts the claims of the short story as an art form in its own right. She addresses herself throughout to two key question: "What are the special satisfactions afforded by reading short stories?" and "How are these satisfactions derived from each story's literary techniques and narrative strategies?" To answer them she draws on stories from different periods and countries -- by authors who were also great novelists, like Henry James, Flaubert, Kafka, and D. H. Lawrence; by authors who specifically dedicated themselves to the art of the short story, like Kipling, Chekhov and Katherine Mansfield; by contemporary practitioners like Angela Carter and Jorge Luis Borges; and by unfairly neglected writers like Sarah Orne Jewett and Joel Chandler Harris. -- From publisher's description. 7aShort storyxHistory and criticism.2BUEsh930646 2BUEsh cSeptember2016cJuly2016bHHUUEENN vReading book 2ddce22k808.31 SHAcBB 00102ddc40708BaccahaMAINbMAINc2NDd2016-07-31ePurchaseg511.00h25868l2m2o808.31 SHAp000032942r2025-07-15 00:00:00s2019-11-02v639.00w2016-07-31yBB 00102ddc40708BaccahaMAINbMAINc2NDd2016-09-25ePurchaseg596.00h26103l2m1o808.31 SHAp000033482r2025-07-15 00:00:00s2020-02-12v746.00w2016-09-25yBB